000 01309cam a2200325 a 4500
001 3052455
003 ARRUPE
005 20211102112512.0
008 960423s1997 mauab b 000 0 eng
010 _a 96021537
020 _a1557866856 (acidfree paper)
020 _a1557866864 (pbk. : acidfree paper)
040 _aDLC
_cDLC
_dDLC
043 _afb-----
050 0 0 _aGN645
_b.P47 1997
082 0 0 _a306/.096
_220
245 0 0 _aPerspectives on Africa :
_ba reader in culture, history, and representation /
_cedited and introduced by Roy Richard Grinker and Christopher B. Steiner.
260 _aCambridge, Mass :
_bBlackwell,
_c1997.
300 _axxxi, 736 p. :
_bill., maps ;
_c25 cm.
504 _aIncludes bibliographical references.
650 0 _aEthnology
_zAfrica, Sub-Saharan.
_936531
651 0 _aAfrica, Sub-Saharan
_xPolitics and government.
_950920
651 0 _aAfrica, Sub-Saharan
_xEconomic conditions.
_920020
651 0 _aAfrica, Sub-Saharan
_xSocial life and customs.
_926081
700 1 _aGrinker, Roy Richard,
_d1961-
_950921
700 1 _aSteiner, Christopher Burghard.
_950922
906 _a7
_bcbc
_corignew
_d1
_eocip
_f19
_gy-gencatlg
942 _2lcc
_cMONOGRAPH
999 _c131082
_d131082